AH International Schools' Libraries

The nutcracker / (Record no. 49370)

MARC details
000 -LEADER
fixed length control field 00427nam a2200109 4500
020 ## - INTERNATIONAL STANDARD BOOK NUMBER
International Standard Book Number 9781471187117
100 ## - MAIN ENTRY--PERSONAL NAME
Personal name Docampo, Valeria,
Relator term Illustrator.
9 (RLIN) 86580
245 ## - TITLE STATEMENT
Title The nutcracker /
Remainder of title Base on the New York City Ballet, production of George Balanchine's The Nutcracker.
Statement of responsibility, etc Illustrated by Valeria Docampo.
260 ## - PUBLICATION, DISTRIBUTION, ETC. (IMPRINT)
Place of publication, distribution, etc New York :
Name of publisher, distributor, etc Simon and Schuster ;
Date of publication, distribution, etc 2016.
650 ## - SUBJECT ADDED ENTRY--TOPICAL TERM
9 (RLIN) 49558
Topical term or geographic name as entry element Ballerinas
Form subdivision Juvenile fiction.
942 ## - ADDED ENTRY ELEMENTS (KOHA)
Source of classification or shelving scheme
Koha item type Book
Holdings
Withdrawn status Lost status Source of classification or shelving scheme Damaged status Not for loan Home library Current library Date acquired Total Checkouts Full call number Barcode Date last seen Date checked out Price effective from Koha item type
          Logos International School Logos International School 08/20/2025 2 E DOC 042875 01/21/2026 12/02/2025 08/20/2025 Book

For any Logos Library related questions please contact Miss Art at swongnarasuk@asianhope.org.

For any Asian Hope Library related questions please contact Miss Raza at graza@asianhope.org.

Click here to explore our ebooks!

Powered by Koha